[Event "Madrid-ch Previa A"]
[Site "Madrid ESP"]
[Date "2014.02.04"]
[Round "2.23"]
[White "Fuster Aguilo, Juan"]
[Black "Calleja Aletta, Jacobo"]
[Result "1-0"]
[WhiteElo "1775"]
[BlackElo "1577"]
[PlyCount "112"]
[EventDate "2014.02.03"]
[EventType "swiss"]
[EventRounds "9"]
[EventCountry "ESP"]
[Source "lmi"]
[SourceDate "2014.02.03"]

1. e4 c5 2. Nc3 Nc6 3. g3 g6 4. Bg2 Bg7 5. Nge2 d6 6. h3 f5 7. d3 Nf6 8. O-O
O-O 9. exf5 Bxf5 10. g4 Bd7 11. Ng3 Qc8 12. g5 Ne8 13. h4 Nd4 14. Nd5 Rf7 15.
c3 Nf5 16. Nxf5 Bxf5 17. Re1 Bf8 18. Qb3 e6 19. Ne3 d5 20. Nxf5 gxf5 21. Re5
Bd6 22. Bf4 Bxe5 23. Bxe5 c4 24. Qd1 cxd3 25. Qh5 Ng7 26. Qh6 Qf8 27. h5 Ne8
28. Qxe6 Qe7 29. Bxd5 Qxe6 30. Bxe6 Kf8 31. Bxf7 Kxf7 32. Rd1 Rd8 33. Bd4 Ng7
34. g6+ hxg6 35. hxg6+ Kxg6 36. Bxg7 Kxg7 37. Kg2 Kf6 38. Kf3 Ke5 39. Re1+ Kf6
40. Ke3 Re8+ 41. Kd2 Rxe1 42. Kxe1 Ke5 43. a4 Ke4 44. b4 f4 45. b5 Kd5 46. a5
Kc4 47. Kd2 f3 48. b6 a6 49. Kc1 Kb3 50. Kd1 Ka4 51. Kd2 Kxa5 52. Kxd3 Kxb6 53.
Ke4 a5 54. Kd4 Kc6 55. Kc4 b5+ 56. Kd4 a4 1-0

[Event "Madrid-ch Previa A"]
[Site "Madrid ESP"]
[Date "2014.02.04"]
[Round "2.24"]
[White "Cortijo Manso, Luis"]
[Black "Rodriguez Bachiller, Luis"]
[Result "1/2-1/2"]
[WhiteElo "1554"]
[BlackElo "1771"]
[PlyCount "173"]
[EventDate "2014.02.03"]
[EventType "swiss"]
[EventRounds "9"]
[EventCountry "ESP"]
[Source "lmi"]
[SourceDate "2014.02.03"]

1. d4 Nf6 2. c4 g6 3. Nf3 Bg7 4. g3 O-O 5. Bg2 c6 6. O-O d5 7. Nbd2 Na6 8. a3
Nc7 9. Re1 Bg4 10. Ne5 Bf5 11. Qb3 Rb8 12. e4 dxe4 13. Nxe4 Bxe4 14. Bxe4 Qxd4
15. Bg2 Qb6 16. Qxb6 axb6 17. Nd3 e6 18. Bf4 Rbc8 19. Rad1 Nfe8 20. Be3 b5 21.
b3 bxc4 22. bxc4 Nf6 23. Nc5 b6 24. Nd3 c5 25. Ne5 Rfd8 26. Nc6 Rxd1 27. Rxd1
Kf8 28. Bf4 Nfe8 29. Ne5 f6 30. Nd7+ Ke7 31. Nxb6 Rd8 32. Rxd8 Kxd8 33. Na4 Bf8
34. Be3 Na6 35. Bf1 Kc7 36. Nc3 Nd6 37. Nb5+ Kb6 38. Nxd6 Bxd6 39. Bd2 Be5 40.
a4 Nb4 41. Bh3 f5 42. f4 Bd4+ 43. Kg2 Ka5 44. g4 Kxa4 45. Kf3 Kb3 46. Bf1 Kc2
47. Be3 Nc6 48. gxf5 exf5 49. Ke2 Kc3 50. Bg2 Nd8 51. Bd5 Kb4 52. Bd2+ Bc3 53.
Be3 Bf6 54. Bf2 Be7 55. Kd3 Bf8 56. Be1+ Kb3 57. Kd2 Be7 58. Bf2 Kb4 59. Kc2
Bf6 60. Be1+ Ka4 61. Bg3 Be7 62. Kd3 Kb3 63. Be1 Kb2 64. Ba5 Bf6 65. Be1 Kc1
66. Bd2+ Kb1 67. Be1 Be7 68. Kd2 Bd6 69. Bg3 Kb2 70. Bh4 Kb3 71. Bg3 Ka4 72.
Kd3 Ka5 73. Ke3 Kb6 74. Kd3 Kc7 75. Ke3 Kd7 76. Kf3 Ke7 77. Ke3 Kf8 78. Be1 Ke7
79. Kf3 Ne6 80. Bd2 Nd4+ 81. Kg2 Nb3 82. Be3 Na1 83. Bc1 Nc2 84. Bb2 Ne3+ 85.
Kg1 Nd1 86. Bc1 Nc3 87. Bf3 1/2-1/2

[Event "Madrid-ch Previa A"]
[Site "Madrid ESP"]
[Date "2014.02.04"]
[Round "2.25"]
[White "Boni De Aristizabal, Marco"]
[Black "Ojosnegros Martin, Angel"]
[Result "1-0"]
[WhiteElo "1756"]
[BlackElo "1532"]
[PlyCount "49"]
[EventDate "2014.02.03"]
[EventType "swiss"]
[EventRounds "9"]
[EventCountry "ESP"]
[Source "lmi"]
[SourceDate "2014.02.03"]

1. e4 e5 2. Nf3 Nc6 3. Bb5 Bc5 4. O-O Nge7 5. c3 Bb6 6. d4 exd4 7. cxd4 d5 8.
e5 O-O 9. h3 f6 10. exf6 Rxf6 11. Bg5 Rf8 12. Bxc6 bxc6 13. Re1 Re8 14. Qe2 Qd7
15. Bxe7 Ba5 16. Nc3 Bb4 17. Bxb4 Rxe2 18. Rxe2 Qf7 19. Rae1 Ba6 20. Re7 Qg6
21. R1e6 Qc2 22. Rxc6 Qxb2 23. Nxd5 Bb7 24. Rcxc7 Bxd5 25. Rxg7+ 1-0

[Event "Madrid-ch Previa A"]
[Site "Madrid ESP"]
[Date "2014.02.04"]
[Round "2.26"]
[White "Corredor Gonzalez, Angel L"]
[Black "Benito Mellado, Humberto"]
[Result "1-0"]
[WhiteElo "1750"]
[BlackElo "1522"]
[PlyCount "117"]
[EventDate "2014.02.03"]
[EventType "swiss"]
[EventRounds "9"]
[EventCountry "ESP"]
[Source "lmi"]
[SourceDate "2014.02.03"]

1. e4 c5 2. Nf3 d6 3. d4 cxd4 4. Nxd4 Nf6 5. Nc3 a6 6. Bg5 e5 7. Nb3 Be7 8. Qd2
O-O 9. O-O-O b5 10. Bxf6 Bxf6 11. Qxd6 Qxd6 12. Rxd6 Rd8 13. Rxd8+ Bxd8 14. Be2
Bb6 15. Rf1 Nd7 16. Nd5 Bd8 17. Rd1 Bb7 18. Kb1 Nf6 19. Nxf6+ Bxf6 20. f3 Rd8
21. Rxd8+ Bxd8 22. Nc5 Bc8 23. Nd3 f6 24. Nc5 Bb6 25. b4 Kf7 26. c4 Bxc5 27.
bxc5 b4 28. Kb2 Bd7 29. Kb3 a5 30. a3 bxa3 31. Kxa3 Ke7 32. Bd1 Kd8 33. Ba4 Kc7
34. Bb5 g6 35. Ka4 f5 36. Kxa5 fxe4 37. fxe4 Bg4 38. Be8 Be2 39. Bf7 Bd3 40.
Bd5 h5 41. g3 g5 42. Kb5 h4 43. gxh4 gxh4 44. c6 Bf1 45. Kb4 Be2 46. Kc3 Bg4
47. Kd3 Bc8 48. c5 Bh3 49. Ke3 Bc8 50. Kd3 Bh3 51. Kc4 Bc8 52. Kb5 Bh3 53. Bc4
Bg2 54. Bd3 Bh3 55. Bc2 Bg2 56. Kc4 Bh3 57. Kd5 Bf1 58. Ba4 Be2 59. Kxe5 1-0

[Event "Madrid-ch Previa A"]
[Site "Madrid ESP"]
[Date "2014.02.04"]
[Round "2.27"]
[White "Enriquez Pastor, Jorge"]
[Black "Prieto Saiz, Carlos Francisco"]
[Result "0-1"]
[WhiteElo "1413"]
[BlackElo "1723"]
[PlyCount "120"]
[EventDate "2014.02.03"]
[EventType "swiss"]
[EventRounds "9"]
[EventCountry "ESP"]
[Source "lmi"]
[SourceDate "2014.02.03"]

1. e4 d5 2. exd5 Qxd5 3. Nc3 Qa5 4. d4 Nf6 5. Bd3 Bg4 6. Nf3 e6 7. O-O Nbd7 8.
Bd2 c6 9. Ne4 Qc7 10. Nxf6+ gxf6 11. Re1 Rg8 12. g3 h5 13. Be2 O-O-O 14. Nh4
Be7 15. Bxg4 Rxg4 16. f3 Rxd4 17. f4 Nc5 18. Nf3 R4d5 19. Qe2 h4 20. Kg2 hxg3
21. hxg3 Rg8 22. Rh1 Rg7 23. Rh8+ Rd8 24. Rxd8+ Qxd8 25. Rd1 Qg8 26. Be1 Rg4
27. Qe3 Kc7 28. Ng1 Qg6 29. Rd2 Ne4 30. Rd3 Bd6 31. Ne2 e5 32. fxe5 Bxe5 33.
Qxa7 Nd6 34. Qa5+ Kd7 35. Bb4 Qe4+ 36. Kh3 Qxb4 37. Qxb4 Rxb4 38. b3 Re4 39.
Ng1 Re1 40. Nf3 Rc1 41. Rd2 Ke7 42. Re2 Ke6 43. Nd4+ Kd5 44. Nf3 Rf1 45. Rd2+
Ke6 46. Nd4+ Bxd4 47. Rxd4 Rf2 48. c4 Rxa2 49. c5 Nb5 50. Re4+ Kd7 51. b4 Rb2
52. Kg4 Nc3 53. Rd4+ Ke7 54. Rd3 Nd5 55. Kf5 Rxb4 56. Rd2 Rc4 57. Re2+ Kd7 58.
g4 Rxc5 59. g5 Nc3+ 60. Kxf6 Rxg5 0-1

[Event "Madrid-ch Previa A"]
[Site "Madrid ESP"]
[Date "2014.02.04"]
[Round "2.28"]
[White "De Villanueva Dominguez, Julio"]
[Black "Jimenez Jimenez, Darfo"]
[Result "0-1"]
[WhiteElo "1332"]
[BlackElo "1673"]
[PlyCount "54"]
[EventDate "2014.02.03"]
[EventType "swiss"]
[EventRounds "9"]
[EventCountry "ESP"]
[Source "lmi"]
[SourceDate "2014.02.03"]

1. c4 Nf6 2. Nc3 g6 3. g3 Bg7 4. Bg2 e5 5. Nf3 d6 6. d4 exd4 7. Nxd4 O-O 8. Bg5
h6 9. Bxf6 Qxf6 10. e3 c6 11. O-O Rd8 12. Re1 Nd7 13. Qf3 Ne5 14. Qxf6 Bxf6 15.
Rad1 Nxc4 16. b3 Ne5 17. Ne4 Be7 18. Nf3 Nxf3+ 19. Bxf3 d5 20. Nc3 Bb4 21. Rd3
Bf5 22. e4 dxe4 23. Rxd8+ Rxd8 24. Re3 Bxc3 25. Rxc3 exf3 26. Rxf3 Be4 27. Re3
Rd1+ 0-1

[Event "Madrid-ch Previa A"]
[Site "Madrid ESP"]
[Date "2014.02.04"]
[Round "2.29"]
[White "Marcelo de la Mata, Daniel"]
[Black "Buergo Villanueva, Fernando"]
[Result "0-1"]
[WhiteElo "1668"]
[BlackElo "1321"]
[PlyCount "67"]
[EventDate "2014.02.03"]
[EventType "swiss"]
[EventRounds "9"]
[EventCountry "ESP"]
[Source "lmi"]
[SourceDate "2014.02.03"]

1. e4 c6 2. d4 d5 3. Nc3 e6 4. Nf3 Bb4 5. Bd3 Nd7 6. a3 Bxc3+ 7. bxc3 Qc7 8.
exd5 cxd5 9. Bd2 Ngf6 10. Qe2 O-O 11. c4 Re8 12. Ne5 dxc4 13. Bxc4 Nb6 14. Bd3
Nbd7 15. O-O b6 16. Rfc1 Bb7 17. c4 Nxe5 18. dxe5 Nd7 19. f4 Nc5 20. Bc2 Rad8
21. Be3 Rd7 22. Rd1 Ne4 23. Rxd7 Qxd7 24. Bxe4 Bxe4 25. Bxb6 Qc6 26. Bxa7 Rd8
27. Re1 Bd3 28. Qf3 Qa6 29. Bc5 Bxc4 30. Rd1 Bd5 31. Qg3 Qa5 32. Be7 Qb6+ 33.
Kh1 Bxg2+ 34. Qxg2 0-1

[Event "Madrid-ch Previa A"]
[Site "Madrid ESP"]
[Date "2014.02.05"]
[Round "3.1"]
[White "Perez Agusti, Luis"]
[Black "Ore Leon, Gustavo"]
[Result "1/2-1/2"]
[WhiteElo "1941"]
[BlackElo "1814"]
[PlyCount "104"]
[EventDate "2014.02.03"]
[EventType "swiss"]
[EventRounds "9"]
[EventCountry "ESP"]
[Source "lmi"]
[SourceDate "2014.02.03"]

1. g3 c5 2. Bg2 Nc6 3. Nf3 Nf6 4. O-O e6 5. c4 Be7 6. Nc3 O-O 7. d4 cxd4 8.
Nxd4 a6 9. e4 Qc7 10. b3 d6 11. Qd3 Ne5 12. Qd2 Bd7 13. Ba3 Rfd8 14. f4 Nc6 15.
Kh1 Nxd4 16. Qxd4 Bc6 17. Rac1 Rd7 18. Bb2 Ne8 19. Rfd1 Rad8 20. a4 b6 21. Qe3
Bf6 22. Nd5 Qb7 23. Bxf6 Nxf6 24. Nxf6+ gxf6 25. Rd2 Kf8 26. Rf1 b5 27. cxb5
axb5 28. f5 e5 29. axb5 Qxb5 30. Rc1 Qb7 31. Rdc2 Rc7 32. Rc4 Rcc8 33. h3 Bd7
34. Qd3 Ke7 35. Rd1 Qa6 36. Rxc8 Qxd3 37. Rxd3 Rxc8 38. Kg1 Rb8 39. Kf2 Rb4 40.
Rc3 Kd8 41. Ke2 Bb5+ 42. Kd2 Kd7 43. Re3 Rd4+ 44. Kc2 Bc6 45. Bf3 Kc7 46. Kc3
Kb6 47. Rd3 Kc5 48. Re3 h6 49. Re1 Bb5 50. Re3 Bc6 51. Re1 Bb5 52. Re3 Bc6
1/2-1/2

[Event "Madrid-ch Previa A"]
[Site "Madrid ESP"]
[Date "2014.02.05"]
[Round "3.2"]
[White "Lozano Sanchez, Jose Antonio"]
[Black "Gonzalez Recas, Fernando"]
[Result "1/2-1/2"]
[WhiteElo "1857"]
[BlackElo "1796"]
[PlyCount "65"]
[EventDate "2014.02.03"]
[EventType "swiss"]
[EventRounds "9"]
[EventCountry "ESP"]
[Source "lmi"]
[SourceDate "2014.02.03"]

1. e4 d6 2. Nf3 Nf6 3. Nc3 g6 4. Bc4 Bg4 5. h3 Bxf3 6. Qxf3 Nc6 7. a3 Ne5 8.
Qe2 Nxc4 9. Qxc4 c6 10. a4 Bg7 11. d3 O-O 12. O-O Nd7 13. Bd2 e6 14. b4 Nb6 15.
Qb3 d5 16. Rab1 Nd7 17. Rfd1 f5 18. exd5 exd5 19. Na2 Kh8 20. c4 Nf6 21. Bc3
Qd6 22. Re1 Rfe8 23. Qb2 Nh5 24. Bxg7+ Nxg7 25. Qd4 Kg8 26. Nc3 Ne6 27. Qf6
Rad8 28. Rb2 Qe7 29. Qe5 Qd6 30. Rbe2 dxc4 31. dxc4 Qxe5 32. Rxe5 Kf7 33. Rd1
1/2-1/2

[Event "Madrid-ch Previa A"]
[Site "Madrid ESP"]
[Date "2014.02.05"]
[Round "3.3"]
[White "Hernandez Gutierrez, Jose"]
[Black "Diaz Begonte, Manuel"]
[Result "1/2-1/2"]
[WhiteElo "1852"]
[BlackElo "1783"]
[PlyCount "98"]
[EventDate "2014.02.03"]
[EventType "swiss"]
[EventRounds "9"]
[EventCountry "ESP"]
[Source "lmi"]
[SourceDate "2014.02.03"]

1. d4 d5 2. c4 c6 3. Nf3 Nf6 4. e3 Bf5 5. Nc3 e6 6. Qb3 Qb6 7. c5 Qc7 8. Nh4
Bg4 9. h3 Bh5 10. g4 Bg6 11. Bg2 Nbd7 12. Nxg6 hxg6 13. Qc2 e5 14. O-O e4 15.
Qe2 Nh7 16. f4 f5 17. g5 Be7 18. Kf2 Nhf8 19. Rh1 Rh4 20. Bd2 Nxc5 21. dxc5
Bxc5 22. Na4 Bd6 23. Kg3 Rh5 24. Kf2 Ne6 25. Nc3 O-O-O 26. Nxd5 cxd5 27. Rhc1
Bc5 28. b4 Qxf4+ 29. Kg1 Qxg5 30. bxc5 Rxh3 31. c6 Nc7 32. cxb7+ Kxb7 33. Rxc7+
Kxc7 34. Ba5+ Kd6 35. Bxd8 Qxe3+ 36. Qxe3 Rxe3 37. Kf2 Ra3 38. Bg5 Ke5 39. Bc1
Rd3 40. a4 f4 41. Ra3 Rd1 42. Rc3 g5 43. Bf1 Rd4 44. Bb5 g4 45. Rc7 g3+ 46. Kg2
Rd1 47. Bb2+ d4 48. Re7+ Kd5 49. Rd7+ Ke5 1/2-1/2

[Event "Madrid-ch Previa A"]
[Site "Madrid ESP"]
[Date "2014.02.05"]
[Round "3.4"]
[White "Saber, Salah"]
[Black "Caamano Jimenez, Luis"]
[Result "1-0"]
[WhiteElo "1845"]
[BlackElo "1772"]
[PlyCount "95"]
[EventDate "2014.02.03"]
[EventType "swiss"]
[EventRounds "9"]
[EventCountry "ESP"]
[Source "lmi"]
[SourceDate "2014.02.03"]

1. e4 d6 2. f4 g6 3. Nf3 c5 4. Bb5+ Bd7 5. Qe2 Nc6 6. c3 Bg7 7. a3 Nf6 8. O-O
Qb6 9. Bc4 O-O 10. d3 e6 11. e5 Ne8 12. Kh1 Qc7 13. d4 cxd4 14. cxd4 d5 15. Bd3
Bh6 16. Be3 Ng7 17. g4 Ne8 18. g5 Bg7 19. Nbd2 Ne7 20. Nh4 Bh8 21. Rac1 Qd8 22.
Rg1 Ng7 23. Qg4 Rc8 24. h3 Qb6 25. b4 Rc7 26. Nb3 Rfc8 27. Rc5 Ngf5 28. Nxf5
exf5 29. Qe2 Bg7 30. Rgc1 a6 31. h4 Bf8 32. h5 Nc6 33. R5c3 a5 34. b5 Na7 35.
Nc5 Bxb5 36. Rb3 Bxd3 37. Qxd3 Qc6 38. Rcb1 b5 39. Kg2 a4 40. R3b2 gxh5 41. Rh1
Qg6 42. Qe2 h6 43. Rxh5 Rc6 44. Qf3 f6 45. exf6 Rxf6 46. Kh2 Rf7 47. gxh6 Bxh6
48. Rg2 1-0

[Event "Madrid-ch Previa A"]
[Site "Madrid ESP"]
[Date "2014.02.05"]
[Round "3.5"]
[White "Cisneros Rodriguez, Amick"]
[Black "Montes de Santiago, Fernando"]
[Result "1/2-1/2"]
[WhiteElo "1711"]
[BlackElo "1826"]
[PlyCount "34"]
[EventDate "2014.02.03"]
[EventType "swiss"]
[EventRounds "9"]
[EventCountry "ESP"]
[Source "lmi"]
[SourceDate "2014.02.03"]

1. e4 c5 2. Nc3 d6 3. g3 Nf6 4. Bg2 Nc6 5. d3 e5 6. h3 Be7 7. g4 Be6 8. f4 Ng8
9. f5 Bd7 10. Nf3 Bh4+ 11. Kf1 Nd4 12. Nd5 Rc8 13. c3 Nxf3 14. Bxf3 Ne7 15. Ne3
h6 16. Ng2 Bf6 17. Ne3 Bh4 1/2-1/2

[Event "Madrid-ch Previa A"]
[Site "Madrid ESP"]
[Date "2014.02.05"]
[Round "3.6"]
[White "Lopez Orellana, Federico"]
[Black "Santamaria Baeza, A."]
[Result "0-1"]
[WhiteElo "1818"]
[BlackElo "1928"]
[PlyCount "82"]
[EventDate "2014.02.03"]
[EventType "swiss"]
[EventRounds "9"]
[EventCountry "ESP"]
[Source "lmi"]
[SourceDate "2014.02.03"]

1. d4 Nf6 2. Bg5 c6 3. Bxf6 exf6 4. e3 Qb6 5. Nd2 Qxb2 6. Bd3 d5 7. Ngf3 Bg4 8.
O-O Qb6 9. c4 Qc7 10. cxd5 cxd5 11. Qb3 Be6 12. Rab1 b6 13. Bb5+ Nd7 14. Rfc1
Qd8 15. Bc6 Rb8 16. Bxd5 Bxd5 17. Qxd5 Be7 18. Rb3 Rc8 19. Rbc3 Rxc3 20. Rxc3
O-O 21. Qb7 Bb4 22. Rc7 Ne5 23. dxe5 Bxd2 24. Rd7 Qc8 25. Nxd2 Qc1+ 26. Nf1
fxe5 27. Qd5 Qc8 28. g3 a5 29. Qb7 Qc5 30. Nd2 a4 31. Ne4 Qc4 32. Qd5 Qc1+ 33.
Kg2 Qc8 34. Ra7 h5 35. Rxf7 Rxf7 36. Qxf7+ Kxf7 37. Nd6+ Ke6 38. Nxc8 b5 39.
Kf3 b4 40. Nb6 b3 41. axb3 a3 0-1

[Event "Madrid-ch Previa A"]
[Site "Madrid ESP"]
[Date "2014.02.05"]
[Round "3.7"]
[White "Fernandez Aransay, Fernando"]
[Black "Roldan Garcia, Angel"]
[Result "1/2-1/2"]
[WhiteElo "1886"]
[BlackElo "1765"]
[PlyCount "43"]
[EventDate "2014.02.03"]
[EventType "swiss"]
[EventRounds "9"]
[EventCountry "ESP"]
[Source "lmi"]
[SourceDate "2014.02.03"]

1. e4 c5 2. Nf3 e6 3. d4 cxd4 4. Nxd4 Nc6 5. Be2 Qc7 6. O-O a6 7. Nc3 Nf6 8.
Be3 Bb4 9. f3 O-O 10. Nxc6 bxc6 11. Qe1 d5 12. a3 Bd6 13. Qh4 e5 14. exd5 cxd5
15. Bd3 e4 16. fxe4 Bxh2+ 17. Qxh2 Qxh2+ 18. Kxh2 Ng4+ 19. Kg1 Nxe3 20. Rfe1 d4
21. Ne2 Rd8 22. Nxd4 1/2-1/2

[Event "Madrid-ch Previa A"]
[Site "Madrid ESP"]
[Date "2014.02.05"]
[Round "3.8"]
[White "Quispe Arteaga, Gabriel"]
[Black "Martin-Consuegra Barrilero, Javier"]
[Result "1/2-1/2"]
[WhiteElo "1556"]
[BlackElo "1853"]
[PlyCount "90"]
[EventDate "2014.02.03"]
[EventType "swiss"]
[EventRounds "9"]
[EventCountry "ESP"]
[Source "lmi"]
[SourceDate "2014.02.03"]

1. d4 d6 2. e3 Nf6 3. Nf3 c6 4. c4 Nbd7 5. Nc3 e5 6. b3 Be7 7. Bb2 e4 8. Nd2 d5
9. Be2 O-O 10. c5 Ne8 11. Qc2 Bg5 12. g3 Ndf6 13. h3 Be6 14. a4 Qc8 15. g4 Bh4
16. Rh2 Nd7 17. O-O-O f5 18. f4 exf3 19. Nxf3 Be7 20. g5 g6 21. h4 Ng7 22. Rg1
Rf7 23. Nd2 Qc7 24. Rhh1 f4 25. e4 dxe4 26. Ncxe4 Nf5 27. Qc3 Bd5 28. Bc4 Bf8
29. h5 Bg7 30. Qd3 Re8 31. hxg6 hxg6 32. Re1 Rfe7 33. Nf3 Kf8 34. Bxd5 cxd5 35.
Ned2 Re3 36. Rxe3 Rxe3 37. Qb5 Kg8 38. Kd1 Nf8 39. Re1 Rxe1+ 40. Kxe1 Qc6 41.
Qxc6 bxc6 42. b4 Ne6 43. Nb3 Ne3 44. b5 Nc4 45. Bc3 cxb5 1/2-1/2

[Event "Madrid-ch Previa A"]
[Site "Madrid ESP"]
[Date "2014.02.05"]
[Round "3.9"]
[White "Hernandez Garcia, Carlos"]
[Black "Martinez Miura, Enrique"]
[Result "1/2-1/2"]
[WhiteElo "1819"]
[BlackElo "1712"]
[PlyCount "92"]
[EventDate "2014.02.03"]
[EventType "swiss"]
[EventRounds "9"]
[EventCountry "ESP"]
[Source "lmi"]
[SourceDate "2014.02.03"]

1. e4 e6 2. d4 d5 3. Nd2 dxe4 4. Nxe4 Nd7 5. Nf3 Ngf6 6. Bd3 Nxe4 7. Bxe4 Nf6
8. Bd3 Be7 9. O-O O-O 10. Re1 b6 11. Bg5 Bb7 12. c3 Rc8 13. Qe2 h6 14. Bxf6
Bxf6 15. Rad1 Qe8 16. Bc2 g6 17. h4 h5 18. Ng5 Bxg5 19. hxg5 c5 20. Be4 Bxe4
21. Qxe4 cxd4 22. Rxd4 Qb5 23. Qe2 Qxg5 24. Red1 Rfd8 25. Qd3 Rxd4 26. Qxd4 Qe7
27. c4 Qc7 28. b3 Qe7 29. Qd7 Rc7 30. Qd4 Qc5 31. Qf6 Rc8 32. Rd7 Rf8 33. Rxa7
Qd6 34. Rb7 Qc6 35. Qf3 Qc5 36. Qe3 Qa3 37. Rxb6 Qxa2 38. c5 Qb1+ 39. Kh2 Rd8
40. Qe5 Qc2 41. b4 Qxf2 42. Rb8 Qh4+ 43. Kg1 Rxb8 44. Qxb8+ Kh7 45. c6 Qe1+ 46.
Kh2 Qh4+ 1/2-1/2

[Event "Madrid-ch Previa A"]
[Site "Madrid ESP"]
[Date "2014.02.05"]
[Round "3.10"]
[White "Fernandez Garcia, Ignacio"]
[Black "Boni De Aristizabal, Marco"]
[Result "1-0"]
[WhiteElo "1903"]
[BlackElo "1756"]
[PlyCount "61"]
[EventDate "2014.02.03"]
[EventType "swiss"]
[EventRounds "9"]
[EventCountry "ESP"]
[Source "lmi"]
[SourceDate "2014.02.03"]

1. e4 Nf6 2. e5 Nd5 3. Nc3 Nxc3 4. dxc3 d5 5. Bd3 g6 6. g4 Bg7 7. Bf4 c5 8. h3
Nc6 9. Nf3 h5 10. Rg1 Be6 11. Ng5 Qd7 12. Bb5 hxg4 13. hxg4 O-O-O 14. Qe2 Rh4
15. f3 Qc7 16. Bg3 Rhh8 17. Bxc6 Qxc6 18. f4 Qb6 19. O-O-O d4 20. Nxe6 Qxe6 21.
c4 Qa6 22. Kb1 Rh7 23. f5 Rdh8 24. fxg6 Qxg6 25. Qf3 Rh3 26. Qd5 b6 27. Qa8+
Kd7 28. Qxa7+ Kc6 29. e6 Rxg3 30. Rxg3 Rh2 31. Qd7# 1-0

[Event "Madrid-ch Previa A"]
[Site "Madrid ESP"]
[Date "2014.02.05"]
[Round "3.11"]
[White "Crespo Villalba, Israel"]
[Black "Corredor Gonzalez, Angel L"]
[Result "1-0"]
[WhiteElo "1897"]
[BlackElo "1750"]
[PlyCount "37"]
[EventDate "2014.02.03"]
[EventType "swiss"]
[EventRounds "9"]
[EventCountry "ESP"]
[Source "lmi"]
[SourceDate "2014.02.03"]

1. e4 e5 2. Nf3 Nf6 3. Nxe5 d6 4. Nf3 Nxe4 5. d4 d5 6. c4 Bb4+ 7. Nbd2 Bg4 8.
Be2 O-O 9. O-O Nc6 10. cxd5 Qxd5 11. Nxe4 Qxe4 12. Bd3 Qd5 13. Be3 Rae8 14. Be2
Re6 15. Qc2 Rg6 16. Nh4 Bh3 17. Bf3 Qd8 18. Nxg6 fxg6 19. Bxc6 1-0

[Event "Madrid-ch Previa A"]
[Site "Madrid ESP"]
[Date "2014.02.05"]
[Round "3.13"]
[White "Prieto Saiz, Carlos Francisco"]
[Black "Garcia Fernandez, Jesus"]
[Result "1/2-1/2"]
[WhiteElo "1723"]
[BlackElo "1887"]
[PlyCount "24"]
[EventDate "2014.02.03"]
[EventType "swiss"]
[EventRounds "9"]
[EventCountry "ESP"]
[Source "lmi"]
[SourceDate "2014.02.03"]

1. d4 Nf6 2. Bf4 c5 3. e3 g6 4. Nf3 Bg7 5. c3 O-O 6. Bd3 Nc6 7. Nbd2 d5 8. h3
Re8 9. O-O Qb6 10. Qb3 Qxb3 11. axb3 Nd7 12. Rfe1 e5 1/2-1/2

[Event "Madrid-ch Previa A"]
[Site "Madrid ESP"]
[Date "2014.02.05"]
[Round "3.14"]
[White "Leniz Martinez, Francisco"]
[Black "Camarero Izquierdo, Juan Carlos"]
[Result "0-1"]
[WhiteElo "1756"]
[BlackElo "1870"]
[PlyCount "62"]
[EventDate "2014.02.03"]
[EventType "swiss"]
[EventRounds "9"]
[EventCountry "ESP"]
[Source "lmi"]
[SourceDate "2014.02.03"]

1. Nf3 d5 2. g3 Nc6 3. Bg2 e5 4. d3 Be6 5. O-O Qd7 6. Ng5 f5 7. Nxe6 Qxe6 8. c3
Nf6 9. Qb3 O-O-O 10. a4 h5 11. Bg5 Be7 12. a5 e4 13. a6 b6 14. Na3 Ng4 15. Bxe7
Qxe7 16. e3 h4 17. h3 Nge5 18. dxe4 dxe4 19. Rad1 hxg3 20. fxg3 Rxd1 21. Qxd1
Qg5 22. Nc2 Qxg3 23. Rxf5 Nf3+ 24. Rxf3 exf3 25. Qxf3 Qxf3 26. Bxf3 Ne5 27. Be4
c5 28. Na3 Kb8 29. Kg2 Rd8 30. Kg3 Rd2 31. Kf4 Nd3+ 0-1

[Event "Madrid-ch Previa A"]
[Site "Madrid ESP"]
[Date "2014.02.05"]
[Round "3.15"]
[White "Veiga Rodriguez, Pablo"]
[Black "Morera Rodriguez, Ignacio"]
[Result "1-0"]
[WhiteElo "1593"]
[BlackElo "1863"]
[PlyCount "55"]
[EventDate "2014.02.03"]
[EventType "swiss"]
[EventRounds "9"]
[EventCountry "ESP"]
[Source "lmi"]
[SourceDate "2014.02.03"]

1. Nf3 Nf6 2. c4 g6 3. d4 Bg7 4. Nc3 d5 5. cxd5 Nxd5 6. e4 Nxc3 7. bxc3 O-O 8.
Ba3 Nd7 9. Bc4 c5 10. O-O Qa5 11. Qb3 Nb6 12. Bxc5 Nxc4 13. Qxc4 b6 14. Qb4
Qxb4 15. Bxb4 Re8 16. Rac1 a5 17. Ba3 Ba6 18. Rfe1 Rac8 19. e5 Bh6 20. Rb1 Rxc3
21. Rxb6 Rxa3 22. Rxa6 Rxa2 23. h4 e6 24. Ng5 Bxg5 25. hxg5 Rd8 26. Rc1 Rxd4
27. Ra8+ Kg7 28. Rcc8 1-0

[Event "Madrid-ch Previa A"]
[Site "Madrid ESP"]
[Date "2014.02.05"]
[Round "3.17"]
[White "Martin Rodriguez, Jose Luis"]
[Black "Lopez Peral, Enrique"]
[Result "0-1"]
[WhiteElo "1385"]
[BlackElo "1804"]
[PlyCount "60"]
[EventDate "2014.02.03"]
[EventType "swiss"]
[EventRounds "9"]
[EventCountry "ESP"]
[Source "lmi"]
[SourceDate "2014.02.03"]

1. e4 e5 2. Nf3 Nf6 3. Nxe5 d6 4. Nf3 Nxe4 5. d4 d5 6. Bd3 Bd6 7. O-O O-O 8. c4
c6 9. cxd5 cxd5 10. Nc3 Nxc3 11. bxc3 h6 12. Be3 Nc6 13. Qd2 Bg4 14. Bxh6 Bxf3
15. Bf4 Be4 16. Be2 Qc7 17. g3 Bxf4 18. gxf4 Rae8 19. f3 Bf5 20. Kh1 Qe7 21.
Rae1 Qe3 22. Qb2 Re7 23. Rg1 Rfe8 24. Rg3 g6 25. Qa3 Qf2 26. Reg1 Rxe2 27. R3g2
Qxf3 28. Qd6 Qxg2+ 29. Rxg2 Re1+ 30. Rg1 Be4# 0-1

[Event "Madrid-ch Previa A"]
[Site "Madrid ESP"]
[Date "2014.02.05"]
[Round "3.18"]
[White "Buergo Villanueva, Fernando"]
[Black "Fuster Aguilo, Juan"]
[Result "0-1"]
[WhiteElo "1321"]
[BlackElo "1775"]
[PlyCount "136"]
[EventDate "2014.02.03"]
[EventType "swiss"]
[EventRounds "9"]
[EventCountry "ESP"]
[Source "lmi"]
[SourceDate "2014.02.03"]

1. d4 Nf6 2. c4 e6 3. Bg5 c5 4. e3 Be7 5. Nf3 d5 6. Bxf6 Bxf6 7. Ne5 Bxe5 8.
dxe5 Nc6 9. Nc3 O-O 10. Be2 d4 11. exd4 cxd4 12. Ne4 Nxe5 13. O-O d3 14. Bg4 f5
15. Bf3 Nxf3+ 16. Qxf3 fxe4 17. Qxe4 Qb6 18. b3 Qc6 19. Qxd3 b6 20. Rae1 Bb7
21. f3 Rad8 22. Qe3 Bc8 23. Qg5 Qe8 24. Re4 Rf5 25. Qh4 Rd2 26. g4 Rf6 27. g5
Rf5 28. Rg4 Qe7 29. Qg3 Qc5+ 30. Kh1 Qe5 31. Qh3 Bb7 32. Rg3 Qe2 33. g6 hxg6
34. Rxg6 Qxf1+ 35. Qxf1 Bxf3+ 36. Kg1 Rd1 37. Qxd1 Bxd1 38. Rxe6 Rf7 39. Rd6
Bc2 40. Rd2 Bb1 41. a4 Kf8 42. Kg2 Ke8 43. b4 Rf6 44. a5 bxa5 45. bxa5 Rc6 46.
Rd4 Ba2 47. Rg4 g6 48. Re4+ Kd7 49. h4 Bxc4 50. Kg3 Rc5 51. Kf4 Kc6 52. Re7 a6
53. Rg7 Bd3 54. Rg8 Kb5 55. Re8 Kxa5 56. Re5 Rxe5 57. Kxe5 Kb4 58. Kd4 Bf5 59.
Ke3 a5 60. Kd2 Kb3 61. Kc1 a4 62. Kd2 a3 63. Ke3 a2 64. Kf4 a1=Q 65. Kg5 Qe5
66. h5 gxh5 67. Kxh5 Qg7 68. Kh4 Qg4# 0-1